000 00826nam a22002297a 4500
003 UA-OsUOA
001 124279
007 ta
008 20170803b un ||||| |||| 00| 0 ukr d
100 _aПентилюк М.
700 _aГайдаєнко І.
090 _a81
_bП25
942 _cSA
040 _aUA-OsUOA
_bukr
_cUA-OsUOA
_dUA-OsUOA
245 _aВиховання мовної особистості учнів основної школи засобами української мови і літератури
300 _aС.13-20
955 _a0
041 _aukr
080 _a81
773 0 _w124277
_tУкраїнська мова і література в школі
_dК.
_d2017
_g3
650 7 _a8 Мовознавство. Художня література. Літературознавство
_2UDC
999 _c412257
_d412257